00416 a2200133 4500001001000000005001700010008004100027245005400068100002100122700002300143700002600166773007300192999001700265ART_4629720260410161925.0260409a 10aCapital mobility in neoclassical models of growth1 aBarro, Robert J.1 aMankiw, N. Gregory1 aSala-i-Martin, Xavier0 tThe American Economic Reviewg- Vol. 85, NÂș 1 (mar. 1995)wREV16190 c28093d28093